[Event "20th Prague Open 2022"]
[Site "Prague"]
[Date "2022.01.08"]
[Round "2.17"]
[White "Mannion, Stephen R"]
[Black "Janous, Marek"]
[Result "1/2-1/2"]
[WhiteElo "2267"]
[BlackElo "2078"]
[Annotator "TA"]
[PlyCount "152"]
[EventDate "2022.01.07"]
[EventType "swiss"]
[EventCountry "CZE"]
[SourceTitle "playchess.com"]
[Source "ChessBase"]
[SourceQuality "1"]

{[%evp 20,152,0,-4,11,10,16,2,18,14,20,10,76,27,28,14,43,27,27,25,59,53,46,0,0,0,0,0,0,0,0,0,0,0,0,-13,0,4,4,10,106,123,126,129,112,132,631,207,212,7,9,16,33,0,0,-427,-410,-361,7,4,51,0,0,-13,-11,-9,137,29,181,142,161,155,158,97,200,192,167,87,143,123,108,97,91,0,0,0,0,0,0,0,0,0,0,0,0,0,0,0,0,0,0,0,1,1,1,0,0,0,0,0,0,0,95,95,95,0,8,8,8,8,8,8,8,8,8,8,8,8,8,8,8,8,8,0,0]} 1. e4 c5 2. Nf3 d6 3. d4 cxd4 4. Nxd4 Nf6 5. Nc3 a6 6. f4 e5 7. Nf3 Nbd7 8. a4 Be7 9. Bc4 O-O 10. O-O Qc7 11. Qe2 exf4 {B93: Sicilian Najdorf: 6 f4.} 12. Bxf4 Ne5 13. Bb3 {Active counter play!} Bg4 14. Kh1 Rfe8 15. Rad1 {[#]} h6 $146 (15... Be6 $11) ({Predecessor:} 15... Rac8 16. h3 Bh5 17. g4 Bg6 18. Nd4 Bf8 19. Bxe5 Rxe5 20. Rxf6 gxf6 21. Nf5 d5 22. Nxd5 {½-½ (74) Eibl,M (2159)-Sommer,M (2117) Bayern 2012}) 16. Nd5 (16. h3 $16 Be6 17. Nd4) 16... Nxd5 $11 17. Bxd5 Bf6 18. b3 Rad8 19. Qf2 b5 20. axb5 axb5 21. Rd2 (21. Be3 $14) 21... Nxf3 22. gxf3 Be6 23. Rg1 Kh7 24. Qg2 g6 25. Rgd1 Bc3 26. Rd3 Be5 27. Be3 Rc8 28. Bxe6 Rxe6 29. f4 Bh8 (29... Bg7 $11) 30. f5 $16 gxf5 31. exf5 Rg8 32. Qf3 (32. fxe6 Rxg2 33. Kxg2 Qxc2+ 34. R1d2 Qc6+ 35. Kg1 fxe6 36. Rxd6 Qe4 37. Rd7+ Kg6 $17) 32... Re7 {[%mdl 8192] [#]} (32... Ree8 $16) 33. Rxd6 $2 (33. Bxh6 $1 {[%mdl 512]} Qb7 34. Qxb7 Rxb7 35. Rh3) 33... f6 $18 {[#]} 34. Qh5 $2 Qb7+ 35. R1d5 {[%csl Ge3][%cal Rh5h6] Chess con chili.} Bg7 (35... Rxe3 $2 36. Rd7+ Qxd7 37. Rxd7+ Bg7 38. Rb7 $18) 36. Qg6+ Kh8 37. Qg3 {[%mdl 8192]} (37. Bd4 $11) 37... Bf8 $1 $19 38. Qf3 Re5 $2 (38... Re8 $1 $19 39. Rd7 Qb6) 39. Rd7 Qa8 (39... Qc6 $11 40. c4 bxc4 41. bxc4 Re8) 40. h4 (40. Bf2 $14) 40... Qa1+ 41. Rd1 Qc3 {[%csl LRc2,LRe3]} 42. R7d3 $132 {[%mdl 2048] White is not holding back} (42. Qb7 $2 Be7 $1 43. R7d3 (43. Rxe7 Rxe7 44. Qd5 Qxe3) 43... Qxc2 $19) 42... Qb4 (42... Qxc2 $11 43. Bf2 Re2) 43. Bf2 ({White should try} 43. Bd4 $1 $16) 43... Re4 (43... Qg4 $11 {and Black stays safe.}) 44. Rd4 $18 Rxd4 45. Bxd4 (45. Rxd4 Qc5 $16) 45... Bg7 46. Qd5 (46. Qe4 $142) 46... Re8 {[#]} (46... Qe7 $16 {was necessary.}) 47. c3 $1 Qe7 48. Rg1 ({Wrong is} 48. Qxb5 $2 Qe4+ 49. Kg1 Qg4+ 50. Kf2 Qf4+ 51. Kg2 Rg8 $19) (48. Qg2 $18) 48... Qe2 (48... Kh7 $142) 49. Qg2 $16 {[%csl Gg1][%cal Rg2g7]} Qe4 50. Qxe4 Rxe4 {[%mdl 4096] Endgame KRB-KRB} 51. Rg6 ({White should play} 51. Ra1 $16) 51... Rxh4+ $11 52. Kg2 Rh5 53. Bxf6 Bxf6 54. Rxf6 {KR-KR} Kg7 55. Rg6+ Kh7 56. Rc6 {Hoping for Rc5.} Rxf5 57. b4 Kg7 58. Kg3 h5 59. Kh4 Re5 60. Rb6 Re4+ 61. Kxh5 {Threatens to win with Kg5.} Rc4 $1 62. Rxb5 Rxc3 63. Rf5 Rb3 64. Rf4 Rb1 65. Kg5 Rb2 (65... Re1 $11 {keeps the balance.}) 66. Kf5 $16 Kf7 {[#]} 67. Re4 (67. Ke5+ $1 $16 Ke7 68. Kd5) 67... Rb1 {The position is equal.} 68. Ke5 Ke7 $1 69. Kd5+ Kd7 70. Kc5 {aiming for b5.} Kc7 71. Kb5 Kb7 72. Re7+ Kb8 73. Rh7 Rb2 74. Ka5 Rg2 (74... Ra2+ 75. Kb6 Kc8 76. Rh8+ Kd7 77. Rb8 $18) 75. b5 Rg6 76. b6 Rg1 {Black defended with fortune.  Weighted Error Value: White=0.59/Black=0.51} 1/2-1/2

[Event "20th Prague Open 2022"]
[Site "Prague"]
[Date "2022.01.08"]
[Round "2.18"]
[White "Unneland, Mathias"]
[Black "Mach, Petr"]
[Result "1-0"]
[WhiteElo "2262"]
[BlackElo "2090"]
[Annotator "ChessBase"]
[PlyCount "47"]
[EventDate "2022.01.07"]
[EventType "swiss"]
[EventCountry "CZE"]
[SourceTitle "playchess.com"]
[Source "ChessBase"]
[SourceQuality "1"]
[TimeControl "40/5400+30:1800+30"]

1. e4 d5 2. exd5 Nf6 3. d4 Nxd5 4. Nf3 g6 5. c4 Nb6 6. Nc3 Bg7 7. Be3 O-O 8. Qd2 Bg4 9. Ng5 e5 10. d5 f6 11. f3 fxg5 12. fxg4 c6 13. O-O-O cxd5 14. cxd5 Qc8 15. h3 Na6 16. Kb1 Nc4 17. Bxc4 Qxc4 18. Bxg5 e4 19. Rhe1 Nb4 20. Rxe4 Bxc3 21. Rxc4 Bxd2 22. Rxd2 Rf1+ 23. Rc1 Raf8 24. Rdd1 1-0

[Event "20th Prague Open 2022"]
[Site "Prague"]
[Date "2022.01.08"]
[Round "2.19"]
[White "Dev, Shah"]
[Black "Bouska, Jiri"]
[Result "1/2-1/2"]
[WhiteElo "2243"]
[BlackElo "2071"]
[Annotator "ChessBase"]
[PlyCount "117"]
[EventDate "2022.01.07"]
[EventType "swiss"]
[EventCountry "CZE"]
[SourceTitle "playchess.com"]
[Source "ChessBase"]
[SourceQuality "1"]
[TimeControl "40/5400+30:1800+30"]

1. d4 {[%emt 0:06:41]} Nf6 {[%emt 0:00:26]} 2. c4 {[%emt 0:00:08]} g6 {[%emt 0:00:15]} 3. Nc3 {[%emt 0:00:06]} Bg7 {[%emt 0:00:07]} 4. Nf3 {[%emt 0:00:22]} O-O {[%emt 0:00:12]} 5. g3 {[%emt 0:00:04]} d6 {[%emt 0:00:06]} 6. Bg2 {[%emt 0:00:05]} c6 {[%emt 0:00:11]} 7. O-O {[%emt 0:00:08]} Bf5 {[%emt 0:00:16]} 8. Nh4 {[%emt 0:08:14]} Be6 {[%emt 0:00:18]} 9. d5 {[%emt 0:01:43]} cxd5 {[%emt 0:00:12]} 10. cxd5 {[%emt 0:00:07]} Bd7 {[%emt 0:00:31]} 11. e4 {[%emt 0:04:30]} Na6 {[%emt 0:05:35]} 12. h3 {[%emt 0:02:27]} Rc8 {[%emt 0:06:45]} 13. Be3 {[%emt 0:01:07]} Nc5 {[%emt 0:15:14]} 14. Qe2 {[%emt 0:29:14]} a6 {[%emt 0:10:46]} 15. Rfc1 {[%emt 0:15:14]} b5 {[%emt 0:02:48]} 16. b4 {[%emt 0:03:39]} Nb7 {[%emt 0:01:27]} 17. Qd2 {[%emt 0:05:47]} Rc4 {[%emt 0:03:16]} 18. Rab1 {[%emt 0:00:16]} Qb8 {[%emt 0:02:36]} 19. Bf1 {[%emt 0:07:59]} Nxe4 {[%emt 0:01:08]} 20. Nxe4 {[%emt 0:00:05]} Rxe4 {[%emt 0:00:07]} 21. Nf3 {[%emt 0:00:05]} e6 {[%emt 0:11:09]} 22. Bd3 {[%emt 0:00:36]} exd5 {[%emt 0:00:28]} 23. Bxe4 {[%emt 0:00:06]} dxe4 {[%emt 0:00:07]} 24. Ng5 {[%emt 0:00:14]} h6 {[%emt 0:01:40]} 25. Nxe4 {[%emt 0:00:07]} Bf5 {[%emt 0:00:11]} 26. f3 {[%emt 0:00:48]} d5 {[%emt 0:00:34]} 27. Bf4 {[%emt 0:06:45]} Qd8 {[%emt 0:00:27]} 28. g4 {[%emt 0:02:51]} Bxe4 {[%emt 0:00:58]} 29. fxe4 {[%emt 0:00:10]} Qb6+ {[%emt 0:00:29]} 30. Be3 {[%emt 0:00:32]} d4 {[%emt 0:00:39]} 31. Bxh6 {[%emt 0:01:37]} Bxh6 {[%emt 0:07:02]} 32. Qxh6 {[%emt 0:00:07]} Qd6 {[%emt 0:02:38]} 33. Rb3 {[%emt 0:01:26]} Qe5 {[%emt 0:00:12]} 34. Rd3 {[%emt 0:02:28]} Nd6 {[%emt 0:00:55]} 35. Rcd1 {[%emt 0:01:36]} Nc4 {[%emt 0:02:43]} 36. Re1 {[%emt 0:00:33]} Nb2 {[%emt 0:02:03]} 37. Rb3 {[%emt 0:00:31]} d3 {[%emt 0:01:34]} 38. Qe3 {[%emt 0:00:21]} Rd8 {[%emt 0:00:23]} 39. Rxb2 {[%emt 0:00:39]} Qxb2 {[%emt 0:00:10]} 40. e5 {[%emt 0:00:28]} Qxa2 {[%emt 0:04:26]} 41. Qg5 {[%emt 0:16:23]} Rd5 {[%emt 0:02:13]} 42. Qe3 {[%emt 0:11:13]} Rd7 {[%emt 0:04:13]} 43. Rc1 {[%emt 0:03:20]} d2 {[%emt 0:04:25]} 44. Rd1 {[%emt 0:00:02]} Kg7 {[%emt 0:00:55]} 45. Kf2 {[%emt 0:01:02]} Qc2 {[%emt 0:00:57]} 46. Qf3 {[%emt 0:00:37]} Qc4 {[%emt 0:01:24]} 47. Qf6+ {[%emt 0:00:29]} Kg8 {[%emt 0:00:24]} 48. e6 {[%emt 0:00:23]} Qxe6 {[%emt 0:00:57]} 49. Qxe6 {[%emt 0:00:01]} fxe6 {[%emt 0:00:11]} 50. Ke3 {[%emt 0:00:01]} Rh7 {[%emt 0:01:23]} 51. Rxd2 {[%emt 0:00:17]} Rxh3+ {[%emt 0:00:07]} 52. Kf4 {[%emt 0:00:02]} Rb3 {[%emt 0:00:51]} 53. Rd4 {[%emt 0:00:35]} Rc3 {[%emt 0:01:08]} 54. Rd6 {[%emt 0:01:26]} Kf7 {[%emt 0:01:08]} 55. g5 {[%emt 0:01:39]} Rc4+ {[%emt 0:00:42]} 56. Ke5 {[%emt 0:00:01]} Rxb4 {[%emt 0:00:31]} 57. Rxa6 {[%emt 0:00:08]} Ra4 {[%emt 0:01:00]} 58. Rb6 {[%emt 0:00:10]} Ra7 {[%emt 0:00:49]} 59. Ke4 1/2-1/2

[Event "20th Prague Open 2022"]
[Site "Prague"]
[Date "2022.01.08"]
[Round "2.21"]
[White "Torngren, Gustav"]
[Black "Kudrytskyi, Stanislav"]
[Result "1-0"]
[WhiteElo "2228"]
[BlackElo "2057"]
[Annotator "ChessBase"]
[PlyCount "51"]
[EventDate "2022.01.07"]
[EventType "swiss"]
[EventCountry "CZE"]
[SourceTitle "playchess.com"]
[Source "ChessBase"]
[SourceQuality "1"]
[TimeControl "40/5400+30:1800+30"]

1. f4 {[%emt 0:00:47]} Nf6 {[%emt 0:00:35]} 2. Nf3 {[%emt 0:00:14]} d5 {[%emt 0:00:09]} 3. e3 {[%emt 0:00:33]} g6 {[%emt 0:00:13]} 4. Be2 {[%emt 0:00:43]} Bg7 {[%emt 0:00:08]} 5. d4 {[%emt 0:00:24]} O-O {[%emt 0:00:08]} 6. c3 {[%emt 0:01:18]} c5 {[%emt 0:02:08]} 7. Ne5 {[%emt 0:00:24]} b6 {[%emt 0:02:27]} 8. Nd2 {[%emt 0:00:20]} Bb7 {[%emt 0:02:18]} 9. h4 {[%emt 0:01:06]} Nbd7 {[%emt 0:09:08]} 10. h5 {[%emt 0:00:27]} cxd4 {[%emt 0:01:15]} 11. exd4 {[%emt 0:00:40]} Ne4 {[%emt 0:01:15]} 12. Nxe4 {[%emt 0:04:33]} dxe4 {[%emt 0:00:02]} 13. hxg6 {[%emt 0:15:54]} hxg6 {[%emt 0:07:04]} 14. Nxg6 {[%emt 0:03:50]} fxg6 {[%emt 0:00:19]} 15. Bc4+ {[%emt 0:00:11]} Rf7 {[%emt 0:00:03]} 16. f5 {[%emt 0:00:28]} Nf6 {[%emt 0:34:14]} 17. fxg6 {[%emt 0:00:35]} Bd5 {[%emt 0:03:39]} 18. gxf7+ {[%emt 0:00:12]} Kxf7 {[%emt 0:01:36]} 19. Bxd5+ {[%emt 0:01:14]} Qxd5 {[%emt 0:00:18]} 20. Qb3 {[%emt 0:00:26]} e6 {[%emt 0:01:40]} 21. Qxd5 {[%emt 0:00:11]} exd5 {[%emt 0:00:01]} 22. Bf4 {[%emt 0:00:17]} Kg6 {[%emt 0:03:43]} 23. Be5 {[%emt 0:01:09]} Bf8 {[%emt 0:00:33]} 24. Bxf6 {[%emt 0:00:28]} Kxf6 {[%emt 0:00:02]} 25. Ke2 {[%emt 0:01:15]} Kg6 {[%emt 0:00:28]} 26. Rh8 {[%emt 0:00:58]} 1-0

[Event "20th Prague Open 2022"]
[Site "Prague"]
[Date "2022.01.08"]
[Round "2.22"]
[White "Skou, Niels"]
[Black "Novotny, Michal"]
[Result "0-1"]
[WhiteElo "2061"]
[BlackElo "2236"]
[Annotator "ChessBase"]
[PlyCount "120"]
[EventDate "2022.01.07"]
[EventType "swiss"]
[EventCountry "CZE"]
[SourceTitle "playchess.com"]
[Source "ChessBase"]
[SourceQuality "1"]
[TimeControl "40/5400+30:1800+30"]

1. d4 {[%emt 0:00:02]} Nf6 {[%emt 0:07:52]} 2. c4 {[%emt 0:00:11]} c5 {[%emt 0:00:03]} 3. d5 {[%emt 0:00:21]} b5 {[%emt 0:00:02]} 4. cxb5 {[%emt 0:00:17]} a6 {[%emt 0:00:02]} 5. bxa6 {[%emt 0:00:13]} g6 {[%emt 0:00:04]} 6. Nc3 {[%emt 0:00:08]} Bg7 {[%emt 0:00:03]} 7. e4 {[%emt 0:00:32]} O-O {[%emt 0:00:04]} 8. a7 {[%emt 0:00:59]} Rxa7 {[%emt 0:00:02]} 9. Nf3 {[%emt 0:01:53]} e6 {[%emt 0:01:32]} 10. Be2 {[%emt 0:02:05]} exd5 {[%emt 0:00:53]} 11. exd5 {[%emt 0:00:07]} d6 {[%emt 0:00:29]} 12. O-O {[%emt 0:00:42]} Na6 {[%emt 0:00:13]} 13. Qb3 {[%emt 0:10:07]} Rd7 {[%emt 0:18:28]} 14. Rd1 {[%emt 0:09:15]} Bb7 {[%emt 0:02:01]} 15. Bf4 {[%emt 0:05:24]} Qa8 {[%emt 0:02:57]} 16. Rd2 {[%emt 0:05:21]} Nc7 {[%emt 0:09:30]} 17. Bc4 {[%emt 0:06:30]} Rb8 {[%emt 0:06:46]} 18. Qd1 {[%emt 0:00:57]} Ba6 {[%emt 0:01:45]} 19. Bxa6 {[%emt 0:01:16]} Qxa6 {[%emt 0:00:32]} 20. h3 {[%emt 0:04:08]} Rb4 {[%emt 0:14:24]} 21. Be3 {[%emt 0:05:03]} Nb5 {[%emt 0:02:03]} 22. Qf1 {[%emt 0:04:52]} Ra7 {[%emt 0:02:02]} 23. Nxb5 {[%emt 0:04:14]} Qxb5 {[%emt 0:03:24]} 24. Qxb5 {[%emt 0:01:43]} Rxb5 {[%emt 0:00:02]} 25. Bf4 {[%emt 0:03:57]} Ne4 {[%emt 0:04:06]} 26. Re2 {[%emt 0:00:52]} f5 {[%emt 0:00:59]} 27. Ng5 {[%emt 0:02:36]} Nxg5 {[%emt 0:05:13]} 28. Bxg5 {[%emt 0:00:05]} Rxb2 {[%emt 0:00:31]} 29. Rae1 {[%emt 0:05:13]} Rxe2 {[%emt 0:06:26]} 30. Rxe2 {[%emt 0:00:03]} Be5 {[%emt 0:00:07]} 31. Be3 {[%emt 0:00:40]} Rb7 {[%emt 0:01:37]} 32. f4 {[%emt 0:08:36]} Bg7 {[%emt 0:03:30]} 33. Rc2 {[%emt 0:06:18]} Rb4 {[%emt 0:02:11]} 34. Kf1 {[%emt 0:01:32]} c4 {[%emt 0:00:30]} 35. Ke2 {[%emt 0:01:28]} c3 {[%emt 0:00:38]} 36. Kd3 {[%emt 0:01:16]} Ra4 {[%emt 0:00:37]} 37. g3 {[%emt 0:01:08]} Kf7 {[%emt 0:00:31]} 38. Re2 {[%emt 0:00:52]} Bf6 {[%emt 0:01:17]} 39. h4 {[%emt 0:00:23]} Kg7 {[%emt 0:01:18]} 40. Bf2 {[%emt 0:01:40]} Ra3 {[%emt 0:00:55]} 41. Rc2 {[%emt 0:31:24]} Ra4 {[%emt 0:33:36]} 42. Re2 {[%emt 0:00:18]} Kf7 {[%emt 0:01:24]} 43. Be3 {[%emt 0:02:51]} Rb4 {[%emt 0:00:00]} 44. Bf2 {[%emt 0:00:00]} Rb1 {[%emt 0:00:00]} 45. Be3 {[%emt 0:00:00]} Ra1 {[%emt 0:00:00]} 46. Kc4 {[%emt 0:00:00]} Rb1 {[%emt 0:00:00]} 47. Kd3 {[%emt 0:00:00]} Kg7 {[%emt 0:00:00]} 48. Kc4 {[%emt 0:00:00]} Kh6 {[%emt 0:00:00]} 49. a4 {[%emt 0:00:00]} Kh5 {[%emt 0:00:00]} 50. a5 {[%emt 0:00:00]} Rb2 {[%emt 0:00:00]} 51. Re1 {[%emt 0:00:00]} Ra2 {[%emt 0:01:49]} 52. Kb5 {[%emt 0:00:00]} c2 {[%emt 0:00:02]} 53. a6 {[%emt 0:00:00]} Bb2 {[%emt 0:00:33]} 54. Kb6 {[%emt 0:03:40]} Ra3 {[%emt 0:01:37]} 55. Bd2 {[%emt 0:06:07]} Bd4+ {[%emt 0:01:12]} 56. Kb7 {[%emt 0:00:08]} Rd3 {[%emt 0:00:21]} 57. a7 {[%emt 0:00:50]} Bxa7 {[%emt 0:00:06]} 58. Kxa7 {[%emt 0:00:07]} Rxd2 {[%emt 0:00:05]} 59. Rc1 {[%emt 0:00:06]} Rxd5 {[%emt 0:00:26]} 60. Rxc2 {[%emt 0:00:09]} Rd3 {[%emt 0:00:35]} 0-1

[Event "20th Prague Open 2022"]
[Site "Prague"]
[Date "2022.01.08"]
[Round "2.23"]
[White "Witte, Ronald"]
[Black "Cholleti Sahajasri"]
[Result "1/2-1/2"]
[WhiteElo "2025"]
[BlackElo "2235"]
[Annotator "TA"]
[PlyCount "164"]
[EventDate "2022.01.07"]
[EventType "swiss"]
[EventCountry "CZE"]
[SourceTitle "playchess.com"]
[Source "ChessBase"]
[SourceQuality "1"]

{[%evp 24,164,22,20,19,0,0,0,11,0,0,-16,-13,-35,8,0,0,-27,0,0,0,-56,-38,-121,-47,-66,16,14,49,48,38,0,0,0,0,-98,-97,-89,-102,-113,-88,-95,-58,-69,-64,-80,-78,-83,-75,-72,-79,-79,-44,-118,-107,-116,-114,-114,-114,-114,-119,-118,-118,-97,-78,-114,-120,-153,-8,-8,-8,-8,-8,-8,-8,-44,-8,-8,-8,-8,-8,-8,-8,-8,0,-8,-8,-28,-8,-8,-8,-8,-8,-8,0,-8,-8,-8,-8,-8,0,-8,0,0,0,-8,-8,-19,-10,-17,-8,-8,-8,-19,-26,-51,-78,-78,-48,-49,-49,-56,-17,-25,-25,-25,-25,-53,-33,-66,-8,-8,0,0,0,0,0,0,0,0,8,8,8]} 1. d4 Nf6 2. c4 e6 3. Nf3 Bb4+ 4. Bd2 Qe7 5. g3 Nc6 6. Bg2 Bxd2+ 7. Nbxd2 O-O 8. O-O d6 9. e4 e5 10. d5 Nb8 11. b4 a5 12. a3 Na6 13. Ne1 {was the old line (13.Qb3).} c6 {E11: Bogo-Indian.} 14. Nd3 cxd5 15. cxd5 {Black should prevent b5.} (15. exd5 Bf5 16. Nf3 axb4 17. axb4 Bxd3 18. Qxd3 Nxb4 $17) 15... axb4 16. axb4 Bg4 17. Bf3 Bd7 18. Qb3 Bb5 {[#]} (18... Nc7 $15) 19. Nc4 $146 ({Predecessor:} 19. Be2 Rfc8 20. Rfc1 Qd8 21. Nf4 Nc7 22. Bxb5 Nxb5 23. Ne2 Rxc1+ 24. Rxc1 h5 25. Qb2 {0-1 (34) Adelberg,D (2158)-Small,G (2285) Las Vegas 2009}) 19... Nc7 20. Na3 Ra6 21. Rfc1 Rfa8 {[%cal Oc7d5]} 22. Kg2 (22. Ne1 $11) 22... Nfe8 (22... Bxd3 {looks sharper.} 23. Qxd3 Ncxd5 24. exd5 e4 25. Bxe4 Qxe4+ 26. Qxe4 Nxe4 27. Nc2 Rxa1 28. Nxa1 g6) 23. Nc2 (23. Bd1 $15) 23... Ba4 (23... Rxa1 $17 24. Rxa1 Rxa1 25. Nxa1 f5) 24. Qb2 $15 Nb5 ({Don't play} 24... Bxc2 25. Rxa6 Rxa6 26. Qxc2 $11 (26. Rxc2 Ra8 $11)) (24... f5 $1 $15 25. Ne3 fxe4 26. Bxe4 Nf6) 25. Nde1 $11 Qd7 26. Be2 R6a7 27. Bxb5 Bxb5 28. Rxa7 Rxa7 29. Ra1 (29. Na3 $11 {keeps the balance.}) 29... Rxa1 $17 30. Qxa1 f5 31. exf5 Qxf5 32. f3 {To avoid Qe4} e4 {...exf3+ is the strong threat.} 33. Ne3 $1 exf3+ $1 34. Nxf3 {[#]} Qd3 ({Much worse is} 34... Qe4 $6 35. Qd4 Bd3 36. Qxe4 Bxe4 37. Kf2 $11) 35. Qf1 Qxe3 36. Qxb5 {[#]} Qe4 $1 37. Qd7 {[%cal Og2h3]} Kf8 (37... Qe2+ {keeps more tension.} 38. Kh3 Nf6 39. Qf5 Qf1+ 40. Kh4 Qc4+) 38. Qe6 ({Better is} 38. g4 $1 $15) 38... Qxe6 39. dxe6 {[%mdl 4096] Endgame KN-KN} Ke7 40. Nd4 g6 41. Kf3 Nc7 42. Ke4 Kf6 43. Nf3 h6 ({Much weaker is} 43... Kxe6 $6 44. Ng5+ Ke7 45. Nxh7 $15) 44. Kd4 Kxe6 45. g4 b5 ({Black should play} 45... Nd5 $17 46. g5 h5) 46. g5 $11 h5 47. Nh4 Kf7 48. Nf3 Na6 49. Kd5 Nxb4+ (49... Ke7 $5 {[%cal Ra6b4]} 50. Kc6 Nxb4+ 51. Kxb5 Nd5 $17) 50. Kxd6 Nd3 {Strongly threatening ...b4.} 51. Kd5 Nf4+ 52. Ke4 Ne6 53. Kd5 Nf4+ 54. Ke4 Nh3 55. Ne5+ Kg7 56. Nf3 b4 57. Kd4 Nf4 58. Ke4 Nh3 59. Kd4 b3 60. Kc3 Kf7 61. Ne5+ Kg7 62. Nf3 Nf4 63. Kxb3 Kf7 64. Kc4 Ke6 65. Kd4 Kf5 66. Ke3 Nh3 67. Nd4+ Kg4 68. Ne2 Nxg5 69. Kf2 Ne6 70. Ng1 Nd4 71. Ke3 Nf5+ 72. Kf2 g5 73. h3+ Kf4 {aiming for ...Nd4.} 74. Ne2+ Ke4 75. Nc3+ Kd4 76. Nb5+ Kd3 (76... Ke5 $15 77. Nc3 Kd4 78. Nb5+ Ke4) 77. Nc7 {The position is equal.} Nd4 78. Nd5 Ne6 79. Nf6 Nf4 80. Kf3 Kd4 81. h4 gxh4 82. Kxf4 h3 {Weighted Error Value: White=0.15 (very precise) /Black=0.16 (very precise)} 1/2-1/2

[Event "20th Prague Open 2022"]
[Site "Prague"]
[Date "2022.01.08"]
[Round "2.24"]
[White "Hrbek, Stepan"]
[Black "Finn, Peter"]
[Result "1/2-1/2"]
[WhiteElo "2179"]
[BlackElo "2020"]
[Annotator "ChessBase"]
[PlyCount "150"]
[EventDate "2022.01.07"]
[EventType "swiss"]
[EventCountry "CZE"]
[SourceTitle "playchess.com"]
[Source "ChessBase"]
[SourceQuality "1"]
[TimeControl "40/5400+30:1800+30"]

1. c4 {[%emt 0:00:24]} e5 {[%emt 0:00:57]} 2. Nc3 {[%emt 0:00:05]} Nf6 {[%emt 0:00:06]} 3. Nf3 {[%emt 0:00:04]} Nc6 {[%emt 0:00:04]} 4. e3 {[%emt 0:00:04]} Bb4 {[%emt 0:00:22]} 5. Qc2 {[%emt 0:00:18]} Bxc3 {[%emt 0:00:13]} 6. bxc3 {[%emt 0:01:21]} O-O {[%emt 0:00:30]} 7. e4 {[%emt 0:00:03]} d6 {[%emt 0:00:34]} 8. g3 {[%emt 0:00:17]} a6 {[%emt 0:01:33]} 9. Bg2 {[%emt 0:09:20]} b5 {[%emt 0:01:10]} 10. O-O {[%emt 0:01:43]} bxc4 {[%emt 0:26:46]} 11. Qa4 {[%emt 0:00:06]} Qd7 {[%emt 0:00:52]} 12. Qxc4 {[%emt 0:01:48]} a5 {[%emt 0:01:05]} 13. Qa4 {[%emt 0:06:15]} Ba6 {[%emt 0:08:49]} 14. Re1 {[%emt 0:01:51]} Rab8 {[%emt 0:22:06]} 15. Qc2 {[%emt 0:00:34]} Rfe8 {[%emt 0:03:15]} 16. d3 {[%emt 0:01:22]} h6 {[%emt 0:05:49]} 17. c4 {[%emt 0:05:05]} Nb4 {[%emt 0:07:44]} 18. Qd1 {[%emt 0:01:36]} c5 {[%emt 0:00:23]} 19. a3 {[%emt 0:06:27]} Nc6 {[%emt 0:00:05]} 20. Bd2 {[%emt 0:00:04]} Qc7 {[%emt 0:01:29]} 21. Qc2 {[%emt 0:18:53]} Bc8 {[%emt 0:00:30]} 22. Reb1 {[%emt 0:02:26]} Bd7 {[%emt 0:03:05]} 23. Rb5 {[%emt 0:01:16]} a4 {[%emt 0:03:22]} 24. Rab1 {[%emt 0:00:52]} Ne7 {[%emt 0:03:37]} 25. R5b2 {[%emt 0:03:51]} Nh7 {[%emt 0:00:28]} 26. Bf1 {[%emt 0:04:04]} Nf8 {[%emt 0:00:21]} 27. Be2 {[%emt 0:00:38]} Ne6 {[%emt 0:00:34]} 28. Bd1 {[%emt 0:00:46]} Nc6 {[%emt 0:04:28]} 29. Qc3 {[%emt 0:04:48]} Ncd4 {[%emt 0:02:13]} 30. Qa5 {[%emt 0:03:34]} Qxa5 {[%emt 0:00:04]} 31. Bxa5 {[%emt 0:00:08]} Rxb2 {[%emt 0:00:10]} 32. Rxb2 {[%emt 0:00:05]} Nxf3+ {[%emt 0:00:35]} 33. Bxf3 {[%emt 0:00:05]} Ra8 {[%emt 0:00:39]} 34. Bc3 {[%emt 0:00:58]} Kf8 {[%emt 0:00:11]} 35. Bd1 {[%emt 0:03:46]} Ke7 {[%emt 0:00:18]} 36. Rb6 {[%emt 0:00:10]} Nd8 {[%emt 0:01:54]} 37. f4 {[%emt 0:00:54]} f6 {[%emt 0:00:24]} 38. Kf2 {[%emt 0:04:16]} Nc6 {[%emt 0:00:45]} 39. Rb2 {[%emt 0:01:36]} Kd8 {[%emt 0:01:27]} 40. f5 {[%emt 0:03:33]} Kc7 {[%emt 0:00:49]} 41. h4 {[%emt 0:36:34]} Rb8 {[%emt 0:12:08]} 42. Rxb8 {[%emt 0:00:00]} Nxb8 {[%emt 0:00:26]} 43. g4 {[%emt 0:00:00]} Kd8 {[%emt 0:01:15]} 44. g5 {[%emt 0:00:00]} hxg5 {[%emt 0:00:06]} 45. hxg5 {[%emt 0:00:00]} Ke7 {[%emt 0:00:51]} 46. Kg3 {[%emt 0:00:00]} Bc6 {[%emt 0:12:07]} 47. Kh4 {[%emt 0:00:00]} Nd7 {[%emt 0:01:25]} 48. Kh5 {[%emt 0:00:00]} fxg5 {[%emt 0:00:27]} 49. Ba5 {[%emt 0:00:00]} Nf6+ {[%emt 0:00:37]} 50. Kg6 {[%emt 0:00:00]} Kf8 {[%emt 0:00:59]} 51. Bd8 {[%emt 0:00:00]} Be8+ {[%emt 0:00:29]} 52. Kxg5 {[%emt 0:00:00]} Nh7+ {[%emt 0:00:49]} 53. Kh4 {[%emt 0:00:00]} Nf6 {[%emt 0:00:22]} 54. Bf3 {[%emt 0:00:00]} Bf7 {[%emt 0:02:31]} 55. Be2 {[%emt 0:00:00]} Ke8 {[%emt 0:00:33]} 56. Bxf6 {[%emt 0:00:00]} gxf6 {[%emt 0:00:18]} 57. Bd1 {[%emt 0:00:00]} Kd8 {[%emt 0:01:40]} 58. Bxa4 {[%emt 0:00:00]} Kc7 {[%emt 0:00:34]} 59. Bb5 {[%emt 0:06:56]} Kb6 {[%emt 0:00:38]} 60. Bd7 {[%emt 0:00:19]} Ka5 {[%emt 0:00:27]} 61. Kg4 {[%emt 0:03:37]} Kb6 {[%emt 0:00:19]} 62. Ba4 {[%emt 0:03:23]} Ka5 {[%emt 0:00:25]} 63. Bd7 {[%emt 0:00:32]} Kb6 {[%emt 0:00:06]} 64. Kf3 {[%emt 0:00:05]} Bh5+ {[%emt 0:00:45]} 65. Ke3 {[%emt 0:00:04]} Ka5 {[%emt 0:00:27]} 66. Kd2 {[%emt 0:00:05]} Bf7 {[%emt 0:00:25]} 67. Kc3 {[%emt 0:00:55]} Bh5 {[%emt 0:00:09]} 68. Be6 {[%emt 0:00:26]} Be8 {[%emt 0:00:42]} 69. Bg8 {[%emt 0:00:08]} Bh5 {[%emt 0:00:31]} 70. Bd5 {[%emt 0:00:32]} Be8 {[%emt 0:00:22]} 71. Be6 {[%emt 0:00:05]} Bh5 {[%emt 0:00:09]} 72. Bd7 {[%emt 0:00:06]} Bf7 {[%emt 0:00:17]} 73. Kd2 {[%emt 0:00:13]} Bh5 {[%emt 0:00:16]} 74. Ke1 {[%emt 0:00:07]} Bf7 {[%emt 0:00:14]} 75. Ke2 {[%emt 0:00:12]} Bh5+ {[%emt 0:00:05]} 1/2-1/2